LEADER 00947cam0-2200325---450- 001 990004490390403321 005 20090216164607.0 035 $a000449039 035 $aFED01000449039 035 $a(Aleph)000449039FED01 035 $a000449039 100 $a19990604d1892----km-y0itay50------ba 101 0 $aita 102 $aIT 105 $ay-------001yy 200 1 $aPoesie liriche$fAlessandro Manzoni$gcon note storiche e dichiarative di Alfonso Bertoldi 210 $aFirenze$cSansoni$d1892 215 $aXII, 141 p.$d21 cm 676 $a853.7 700 1$aManzoni,$bAlessandro$f<1785-1873>$0293333 702 1$aBertoldi,$bAlfonso 801 0$aIT$bUNINA$gRICA$2UNIMARC 901 $aBK 912 $a990004490390403321 952 $a853.7 MANZ 2(1)$fFLFBC 952 $a853.7 MANZ 2(1BIS)$bbibl.2158$fFLFBC 952 $a853.7 MANZ 2(1TER)$bbibl.17510$fFLFBC 959 $aFLFBC 996 $aPoesie liriche$9546832 997 $aUNINA LEADER 02333oam 2200649 450 001 9910707490703321 005 20160810111350.0 035 $a(CKB)5470000002464617 035 $a(OCoLC)760790598 035 $a(OCoLC)995470000002464617 035 $a(EXLCZ)995470000002464617 100 $a20111111j198010 ua 0 101 0 $aeng 135 $aurbn||||||||| 181 $ctxt$2rdacontent 182 $cc$2rdamedia 183 $acr$2rdacarrier 200 10$aConceptual model of turbulent flameholding for scramjet combustors /$fPaul W. Huber 210 1$a[Washington, D.C.] :$cNational Aeronautics and Space Administration, Scientific and Technical Information Branch,$dOctober 1980. 215 $a1 online resource (33 pages) $cillustrations 225 1 $aNASA technical paper ;$v1543 300 $aTitle from title screen (viewed on Aug. 10, 2016). 300 $a"October 1980." 300 $a"Performing Organization: NASA Langley Research Center"--Report documentation page. 320 $aIncludes bibliographical references (pages 23-25). 606 $aFlame holders$2nasat 606 $aFlame propagation$2nasat 606 $aFuel combustion$2nasat 606 $aSupersonic combustion ramjet engines$2nasat 606 $aTurbulence models$2nasat 606 $aFlame spread$2fast 606 $aInternal combustion engines$xCombustion$2fast 606 $aJet propulsion$2fast 606 $aSupersonic planes$2fast 615 7$aFlame holders. 615 7$aFlame propagation. 615 7$aFuel combustion. 615 7$aSupersonic combustion ramjet engines. 615 7$aTurbulence models. 615 7$aFlame spread. 615 7$aInternal combustion engines$xCombustion. 615 7$aJet propulsion. 615 7$aSupersonic planes. 700 $aHuber$b Paul W$g(Paul William),$f1920-$01390069 712 02$aLangley Research Center. 712 02$aUnited States.$bNational Aeronautics and Space Administration.$bScientific and Technical Information Branch, 801 0$bOCLCE 801 1$bOCLCE 801 2$bOCLCQ 801 2$bOCLCF 801 2$bOCLCQ 801 2$bOCLCO 801 2$bGPO 906 $aBOOK 912 $a9910707490703321 996 $aConceptual model of turbulent flameholding for scramjet combustors$93442385 997 $aUNINA LEADER 00742nam0-2200253 --450 001 9911001972003321 005 20250604135022.0 100 $a20250604d1912----kmuy0itay5050 ba 101 0 $aita 102 $aIT 105 $a 001yy 200 1 $a<>sempreverdi$eproduzione e commercio delle foglie$ealloro - lauroceraso - magnolia - bossolo - palme, ecc.$fA. Cravino 210 $aCasale$cC. Cassone$d1912 215 $aVIII, 103 p.$cill.$d19 cm 610 0 $aBotanica 676 $a581$v23$zita 700 1$aCravino,$bA.$0354554 801 0$aIT$bUNINA$gREICAT$2UNIMARC 901 $aBK 912 $a9911001972003321 952 $aA MUSA 451$b03/3267/25$fFAGBC 959 $aFAGBC 996 $aSempreverdi$94384820 997 $aUNINA